Nouveau guide du voyager en Italie (Record no. 160783)

MARC details
000 -LEADER
campo de control de longitud fija 00537nam a22001695i 4500
001 - NÚMERO DE CONTROL
campo de control 160783
003 - IDENTIFICADOR DE NÚMERO DE CONTROL
campo de control ES-MaACL
005 - FECHA Y HORA DE LA ÚLTIMA TRANSACCIÓN
campo de control 20230906212127.0
008 - DATOS DE LONGITUD FIJA--INFORMACIÓN GENERAL
campo de control de longitud fija 040715s1841 fr a |||| | fre d
040 ## - FUENTE DE CATALOGACIÓN
Centro catalogador/agencia de origen CAM
Lengua de catalogación spa
Centro/agencia transcriptor CAM
245 00 - MENCIÓN DEL TÍTULO
Título Nouveau guide du voyager en Italie
Resto del título : edition Artaria de Milan.
260 ## - PUBLICACIÓN, DISTRIBUCIÓN, ETC.
Lugar de publicación, distribución, etc. Paris :
Nombre del editor, distribuidor, etc. Maison,
Fecha de publicación, distribución, etc. 1841.
300 ## - DESCRIPCIÓN FÍSICA
Extensión XXXVII, 827 p., [4] h. pleg. de lám. ;
Dimensiones 15 cm.
599 ## - NOTA A LAS ILUSTRACIONES
NOTA A LAS ILUSTRACIONES Las h. de lám. pleg. son planos.
651 #4 - PUNTO DE ACCESO ADICIONAL DE MATERIA--NOMBRE GEOGRÁFICO
Nombre geográfico Italia-
Subdivisión de forma Guías.
9 (RLIN) 137235
852 ## - LOCALIZACIÓN
Ubicación ES-MaACL
Número de control de estantería C-295
Nota libre -- Enc. piel
Holdings
Estatus retirado Estado de pérdida Estado de daño No para préstamo Colección Biblioteca de origen Biblioteca actual Ubicación en estantería Fecha de adquisición Fuente de adquisición Total de préstamos Signatura topográfica completa Código de barras Visto por última vez Precio de reemplazo Tipo de ítem Koha
        Libros del s. XIX Biblioteca del Ateneo de Madrid Biblioteca del Ateneo de Madrid Sala Palomar 17/01/2008     C-295 1168372 23/02/2023 23/02/2023 Libro impreso antiguo